[Event "Ch Bulgaria"]
[Site "masterchessopen.com Sofia (Bulgaria)"]
[Round "0"]
[White "Inkiov Ventzislav (BUL)"]
[Black "Lalev Dimitar (BUL)"]
[Result "1-0"]
[WhiteElo "2480"]
[BlackElo "2376"]

1.e4 c5 2.Nf3 e6 3.d4 cxd4 4.Nxd4 Nf6 5.Nc3 d6 6.g3 Nc6 7.Bg2 Bd7 8.O-O Be7
9.Nxc6 Bxc6 10.a4 O-O 11.Be3 a6 12.a5 Nd7 13.Na4 f5 14.Nb6 Nxb6 15.Bxb6 Qd7
16.Re1 Bd8 17.Bxd8 Raxd8 18.Ra3 fxe4 19.Bxe4 Bxe4 20.Rxe4 Qb5 21.Rb3 Qxa5
22.Rxb7 Qc5 23.Qe2 Qc6 24.Re7 e5 25.Rc4 Qb5 26.Qg4 {#r} 1-0

[Event "Memorial G.Agzamov"]
[Site "masterchessopen.com Tashkent (Uzbekistan)"]
[Round "14"]
[White "Tashkhodzhaev A (UZB)"]
[Black "Saltaev Mihail (UZB)"]
[Result "0-1"]
[WhiteElo "2200"]
[BlackElo "2484"]

1.e4 c5 2.Nf3 e6 3.d4 cxd4 4.Nxd4 Nf6 5.Nc3 d6 6.g3 Nc6 7.Bg2 Bd7 8.Nce2 Nxd4
9.Qxd4 Rc8 10.O-O a6 11.c4 e5 12.Qd3 Qc7 13.b3 b5 14.cxb5 Bxb5 15.Qe3 Be7
16.Bd2 O-O 17.Rfc1 Qb7 18.Rxc8 Rxc8 19.Nc3 Bc6 20.Qd3 h6 21.Rc1 Rd8 22.Nd5
Nxd5 23.exd5 Bd7 24.Rc6 Rc8 25.Rxc8+ Qxc8 26.Qc4 Qb7 27.Ba5 Kf8 28.a4 f5
29.Bf1 Be8 30.Qc2 Qxd5 31.Qxf5+ Bf6 32.Bd8 Bc6 33.f3 Qd4+ 34.Kg2 Qd2+ 35.Kh3
Ke8 {#R} 0-1

[Event "It (open)"]
[Site "masterchessopen.com Aosta (Italy)"]
[Round "0"]
[White "Martorelli Antonio (ITA)"]
[Black "Rivello Roberto (ITA)"]
[Result "1-0"]
[WhiteElo "2210"]
[BlackElo "2259"]

1.e4 c5 2.Nf3 d6 3.d4 cxd4 4.Nxd4 Nf6 5.Nc3 e6 6.g3 Nc6 7.Bg2 Bd7 8.O-O Be7
9.Ndb5 Qb8 10.Bg5 a6 11.Bxf6 gxf6 12.Nd4 Qc7 13.a4 O-O 14.Re1 Rfe8 15.Nde2 Ne5
16.Nf4 b5 17.Nh5 b4 18.Qc1 Kh8 19.Qh6 Rg8 20.Nxf6 Rg7 21.Nd1 Bxf6 22.Qxf6 Qxc2
23.Ne3 Qxb2 24.Qe7 Rc8 25.Qxd6 Rc6 26.Qe7 Nd3 27.Rf1 Nc5 28.e5 Rc8 29.Nc4 Qd4
30.Nd6 f5 31.Qf6 Rb8 32.Rad1 Qb2 33.Nf7+ Kg8 34.Nh6+ Kh8 35.Bc6 {#r} 1-0

[Event "Bundesliga 1986/87"]
[Site "masterchessopen.com Germany"]
[Round "0"]
[White "Lau Ralf (GER)"]
[Black "Breyther Ruediger (GER)"]
[Result "1-0"]
[WhiteElo "2535"]
[BlackElo "2341"]

1.e4 c5 2.Nf3 e6 3.d4 cxd4 4.Nxd4 Nf6 5.Nc3 d6 6.g3 Nc6 7.Bg2 Be7 8.O-O Bd7
9.Nb3 a6 10.a4 Qc7 11.a5 Ne5 12.f4 Nc4 13.Kh1 h5 14.h3 O-O-O 15.Qe2 Rhe8
16.Rd1 d5 17.e5 Ng8 18.Rxd5 exd5 19.Nxd5 Qc6 20.Nxe7+ Nxe7 21.Bxc6 Bxc6+
22.Kh2 Bb5 23.Qxh5 g6 24.Qf3 Nf5 25.g4 Nh4 26.Qf2 Rh8 27.Be3 Bc6 28.Kg3 Nxe3
29.Qxe3 Ng2 30.Qa7 f5 31.Nd4 Be4 32.Ra3 {#r} 1-0

[Event "Bundesliga 1987/88"]
[Site "masterchessopen.com Germany"]
[Round "0"]
[White "Bischoff Klaus (GER)"]
[Black "Schuh Hubert (GER)"]
[Result "1-0"]
[WhiteElo "2485"]
[BlackElo "2292"]

1.e4 c5 2.Nf3 e6 3.d4 cxd4 4.Nxd4 Nf6 5.Nc3 d6 6.g3 Be7 7.Bg2 O-O 8.O-O Nc6
9.Be3 Bd7 10.Nb3 Na5 11.Nxa5 Qxa5 12.a4 Rac8 13.Qd2 b6 14.h3 Rc4 15.Qd3 Rfc8
16.Bd2 Qc5 17.Rfd1 h6 18.Qe2 e5 19.Be1 Be6 20.Rd3 a6 21.b3 Rd4 22.Re3 a5
23.Ra2 Nd7 24.Nb5 Rc4 25.c3 Bg5 26.Rd3 {#r} 1-0

[Event "It (open)"]
[Site "masterchessopen.com Graz (Austria)"]
[Round "0"]
[White "Klinger Josef (AUT)"]
[Black "Dumpor Atif (BIH)"]
[Result "1-0"]
[WhiteElo "1981"]
[BlackElo "2373"]

1.e4 c5 2.Nf3 d6 3.d4 cxd4 4.Nxd4 Nf6 5.Nc3 e6 6.g3 Be7 7.Bg2 O-O 8.O-O a6
9.a4 Qc7 10.Kh1 Bd7 11.f4 Nc6 12.Nb3 h5 13.h3 g6 14.Be3 b6 15.Qd2 Rab8 16.Rad1
Rfd8 17.Nd4 Nxd4 18.Bxd4 b5 19.axb5 axb5 20.f5 Kg7 21.fxg6 fxg6 22.Bxf6+ Bxf6
23.Rxf6 Kxf6 24.Qh6 Qc4 25.b3 Rh8 26.Qf4+ {#r} 1-0

[Event "Ch Scotland"]
[Site "masterchessopen.com Hamilton (Scotland)"]
[Round "1"]
[White "Norris Alan J (SCO)"]
[Black "McKay Roderick M (SCO)"]
[Result "0-1"]
[WhiteElo "2304"]
[BlackElo "2376"]

1.e4 c5 2.Nf3 d6 3.d4 cxd4 4.Nxd4 Nf6 5.Nc3 e6 6.g3 Be7 7.Bg2 O-O 8.O-O Nc6
9.Re1 Bd7 10.a4 a6 11.b3 Qc7 12.Bb2 Rfd8 13.Nxc6 Bxc6 14.Qe2 Rac8 15.a5 Bf8
16.Nd1 d5 17.e5 Nd7 18.Qg4 Bb5 19.Ne3 Nxe5 20.Bxe5 Qxe5 21.Nxd5 Qb2 22.Rab1
Qxc2 23.Nf6+ Kh8 24.Be4 Bd3 25.Nxh7 Bxe4 26.Nxf8 Bd5 27.Qh4+ Kg8 28.Rbc1 Qxc1
{#R} 0-1

[Event "It (cat.10)"]
[Site "masterchessopen.com Akureyri (Iceland)"]
[Round "0"]
[White "Kristjansson Olafur (ISL)"]
[Black "Hjartarson Johann (ISL)"]
[Result "0-1"]
[WhiteElo "2173"]
[BlackElo "2610"]

1.e4 c5 2.Nf3 e6 3.d4 cxd4 4.Nxd4 Nf6 5.Nc3 d6 6.g3 Be7 7.Bg2 O-O 8.O-O a6
9.f4 Nc6 10.Nxc6 bxc6 11.Kh1 Bb7 12.g4 c5 13.g5 Ne8 14.b3 Nc7 15.Bb2 f5 16.Qh5
Qe8 17.Qe2 Qd7 18.Rad1 Rad8 19.Rd3 Bc6 20.Rh3 g6 21.Qe1 Rf7 22.exf5 exf5
23.Nd1 Bf8 24.c4 Bxg2+ 25.Kxg2 d5 26.Bf6 Re8 27.Re3 d4 28.Rxe8 Nxe8 29.Be5 Bd6
30.Nb2 Qc6+ 31.Kg1 Qe4 32.Qf2 Bxe5 33.Re1 Bxf4 34.Rxe4 fxe4 35.Nd1 Be3 {#R}
0-1

[Event "It"]
[Site "masterchessopen.com Bulgaria"]
[Round "0"]
[White "Grigorov Jordan N (BUL)"]
[Black "Janachkov Angel (BUL)"]
[Result "1-0"]
[WhiteElo "2380"]
[BlackElo "2210"]

1.e4 c5 2.Nf3 d6 3.d4 cxd4 4.Nxd4 Nf6 5.Nc3 e6 6.g3 Nc6 7.Bg2 Bd7 8.O-O Be7
9.Nb3 O-O 10.Kh1 Rc8 11.f4 a6 12.a4 b6 13.Be3 Qc7 14.g4 Rfd8 15.g5 Ne8 16.Qe2
Ra8 17.Qf2 Rdb8 18.Nd4 g6 19.f5 Ne5 20.Bf4 Ng4 21.Qg3 Ne5 22.Bh3 Ng7 23.Qf2
Bf8 24.Rad1 Rd8 25.fxe6 Bxe6 26.Nd5 Bxd5 27.exd5 Re8 28.b3 Nh5 29.Bc1 Qc5
30.c4 Bg7 31.Nc6 Qxf2 32.Rxf2 a5 33.Ba3 Bf8 34.Rdf1 Be7 {#r} 1-0

[Event "Ch Cuba"]
[Site "masterchessopen.com Cuba"]
[Round "0"]
[White "Boudy Julio (CUB)"]
[Black "Arencibia Juan Joel (CUB)"]
[Result "1-0"]
[WhiteElo "2188"]
[BlackElo "2406"]

1.e4 c5 2.Nf3 e6 3.d4 cxd4 4.Nxd4 Nf6 5.Nc3 d6 6.g3 Be7 7.Bg2 a6 8.O-O O-O
9.Be3 Qc7 10.g4 Nc6 11.g5 Nd7 12.f4 Re8 13.Kh1 Rb8 14.Qh5 Bf8 15.Rf3 g6 16.Qh4
Bg7 17.Rd1 Nxd4 18.Bxd4 Bxd4 19.Rxd4 b5 20.Rh3 Nf8 21.e5 d5 22.Rd2 Bb7 23.Nd1
d4 24.Nf2 Qc4 25.Kg1 d3 26.Ng4 Qd4+ 27.Rf2 {#r} 1-0

[Event "Ch Bundeswehr"]
[Site "masterchessopen.com Germany"]
[Round "10"]
[White "Frericks Harald (GER)"]
[Black "Beckmann Klaus (GER)"]
[Result "1-0"]
[WhiteElo "2283"]
[BlackElo "2296"]

1.e4 c5 2.Nf3 d6 3.d4 cxd4 4.Nxd4 Nf6 5.Nc3 e6 6.g3 Nc6 7.Bg2 Bd7 8.Ndb5 Qb8
9.Bg5 a6 10.Bxf6 gxf6 11.Nd4 Qc7 12.O-O Ne5 13.Nce2 Rc8 14.Nf4 Be7 15.Bh3 Qc4
16.c3 O-O 17.Qh5 Kh8 18.Nfe2 b5 19.f4 Nc6 20.Bg2 Nxd4 21.Nxd4 b4 22.Rf3 bxc3
23.bxc3 Qa4 24.Kh1 Qa3 25.e5 Rxc3 26.exf6 Bxf6 27.Rxc3 Qxc3 28.Be4 Qxa1+
29.Kg2 Qb2+ 30.Nc2 {#r} 1-0

[Event "Ch Moscow (for the Deaf) (final)"]
[Site "masterchessopen.com Moscow (Russia)"]
[Round "0"]
[White "Muratov Lir (RUS)"]
[Black "Makhlin Mikhail (RUS)"]
[Result "0-1"]
[WhiteElo "2138"]
[BlackElo "2301"]

1.e4 c5 2.Nf3 e6 3.d4 cxd4 4.Nxd4 Nf6 5.Nc3 d6 6.g3 a6 7.a4 Be7 8.Bg2 Qc7
9.O-O O-O 10.Re1 Bd7 11.Be3 Nc6 12.Nxc6 Bxc6 13.a5 Nd7 14.Na4 Rac8 15.Nb6 Nxb6
16.Bxb6 Qd7 17.c3 f5 18.exf5 Bxg2 19.Kxg2 Rxf5 20.Qa4 Rc6 21.Rad1 Qc8 22.Rd4
d5 23.Rf4 Qf8 24.Rxf5 Qxf5 25.Qd4 Rc4 26.Qe5 Qxe5 27.Rxe5 Kf7 28.Re3 Bd6
29.Bd4 g6 30.b3 Rc6 31.b4 Rc4 32.Kf3 Bxb4 {#R} 0-1

[Event "It (open)"]
[Site "masterchessopen.com New York (USA)"]
[Round "0"]
[White "Wedberg Tom (SWE)"]
[Black "Santa Torres Juan (PUR)"]
[Result "1-0"]
[WhiteElo "2475"]
[BlackElo "2219"]

1.e4 c5 2.Nf3 e6 3.d4 cxd4 4.Nxd4 Nf6 5.Nc3 d6 6.g3 Nc6 7.Bg2 Bd7 8.O-O Be7
9.Nb3 O-O 10.g4 d5 11.exd5 Nxd5 12.Nxd5 exd5 13.h3 Be6 14.c3 Bd6 15.f4 Qb6+
16.Kh1 d4 17.Nxd4 Nxd4 18.Be3 Qc7 19.cxd4 Rad8 20.Qd2 Be7 21.d5 Rxd5 22.Bxd5
Rd8 23.Rac1 Qb8 24.Bxe6 {#r} 1-0

[Event "Ch Sweden"]
[Site "masterchessopen.com Norrkoeping (Sweden)"]
[Round "0"]
[White "Kyhle Bo (SWE)"]
[Black "Akesson Ralf (SWE)"]
[Result "0-1"]
[WhiteElo "2193"]
[BlackElo "2421"]

1.e4 c5 2.Nf3 e6 3.d4 cxd4 4.Nxd4 Nf6 5.Nc3 d6 6.g3 Be7 7.Bg2 O-O 8.O-O a6
9.Be3 Qc7 10.g4 Nc6 11.g5 Nd7 12.Qh5 g6 13.Qh4 Nde5 14.Rad1 f6 15.Nxc6 bxc6
16.Qg3 a5 17.gxf6 Bxf6 18.Bh6 Re8 19.f4 Nf7 20.e5 Nxh6 21.exf6 Nf5 22.Qf2 d5
23.Rfe1 Rf8 24.Qc5 Qxf4 25.Qxc6 Ra7 26.Qc5 Raf7 27.Nxd5 exd5 28.Bxd5 Qg5+
29.Kh1 Bb7 30.Re6 Ng3+ 31.hxg3 Qh5+ {#R} 0-1

[Event "It (open)"]
[Site "masterchessopen.com Oakham (England)"]
[Round "6"]
[White "Morris Philip (ENG)"]
[Black "Canfell Gregory (AUS)"]
[Result "1-0"]
[WhiteElo "2375"]
[BlackElo "2326"]

1.e4 c5 2.Nf3 e6 3.d4 cxd4 4.Nxd4 Nf6 5.Nc3 d6 6.g3 Nc6 7.Bg2 Bd7 8.O-O Be7
9.Be3 a6 10.Qe2 O-O 11.a4 Qc7 12.f4 Rac8 13.Nb3 Na5 14.Nxa5 Qxa5 15.g4 Bc6
16.g5 Nd7 17.f5 Qb4 18.Rab1 Nc5 19.f6 Bd8 20.fxg7 Kxg7 21.Qh5 Bb6 22.a5 Bxa5
23.Qh6+ Kg8 24.Rf4 f6 25.g6 {#r} 1-0

[Event "Olympiad"]
[Site "masterchessopen.com Salonika (Greece)"]
[Round "0"]
[White "Matthews Shane (JAM)"]
[Black "Allan Denis (CAN)"]
[Result "1-0"]
[WhiteElo "2218"]
[BlackElo "2270"]

1.e4 c5 2.Nf3 e6 3.d4 cxd4 4.Nxd4 Nf6 5.Nc3 d6 6.g3 Be7 7.Bg2 O-O 8.O-O a6
9.f4 Qc7 10.Kh1 Nc6 11.Nxc6 bxc6 12.g4 Bb7 13.g5 Nd7 14.Qh5 Rfe8 15.Rf3 Nf8
16.Be3 c5 17.Rh3 Rad8 18.Rg1 Qd7 19.Bc1 d5 20.e5 Bc6 21.Nd1 d4 22.Nf2 Bxg2+
23.Rxg2 g6 24.Qh6 Qd5 25.b3 Rc8 26.Ng4 Qe4 27.Be3 f5 28.gxf6 {#r} 1-0

[Event "Cup Rilton"]
[Site "masterchessopen.com Stockholm (Sweden)"]
[Round "0"]
[White "Johansson Jan (SWE)"]
[Black "Tisdall Jonathan D (NOR)"]
[Result "0-1"]
[WhiteElo "2405"]
[BlackElo "2425"]

1.e4 c5 2.Nf3 e6 3.d4 cxd4 4.Nxd4 Nf6 5.Nc3 d6 6.g3 Be7 7.Bg2 O-O 8.O-O a6
9.Be3 Qc7 10.Qe2 Nc6 11.Rad1 Rb8 12.a3 Na5 13.g4 b5 14.g5 Nd7 15.f4 Re8 16.Rf3
g6 17.Rh3 Nc4 18.Bc1 e5 19.Nf5 gxf5 20.Nd5 Qc5+ 21.Kh1 Nf8 22.b4 Qa7 23.Qh5
fxe4 24.Rg3 exf4 25.Nf6+ Kh8 26.Nxh7 Nxh7 27.Bxe4 f5 28.Rh3 Bf8 29.Qxe8 Bb7
30.Rxh7+ Kxh7 31.Qd7+ Kh8 32.Rd5 Qf2 {#R} 0-1

[Event "It \"]
[Site "masterchessopen.com Athens (Greece)"]
[Round "0"]
[White "Vlassis Georgios (GRE)"]
[Black "Schmidt Wlodzimierz (POL)"]
[Result "0-1"]
[WhiteElo "2099"]
[BlackElo "2465"]

1.e4 c5 2.Nf3 e6 3.d4 cxd4 4.Nxd4 Nf6 5.Nc3 d6 6.g3 Nc6 7.Bg2 Bd7 8.O-O Nxd4
9.Qxd4 Qc7 10.Bg5 Be7 11.Rad1 Bc6 12.Rfe1 O-O 13.f4 Rfd8 14.Kh1 b5 15.Qe3 b4
16.Ne2 e5 17.Bxf6 Bxf6 18.f5 Rac8 19.c4 bxc3 20.Nxc3 Rb8 21.Re2 Rb4 22.Nd5
Bxd5 23.Rxd5 Rc8 24.Rd1 Rd4 25.Red2 Qa5 26.b3 Rxd2 {#R} 0-1

[Event "It (open)"]
[Site "masterchessopen.com Buenos Aires (Argentina)"]
[Round "8"]
[White "Lida Fidel Ernesto (ARG)"]
[Black "Madina Martin (ARG)"]
[Result "0-1"]
[WhiteElo "2235"]
[BlackElo "2274"]

1.e4 c5 2.Nf3 d6 3.d4 cxd4 4.Nxd4 Nf6 5.Nc3 e6 6.g3 Be7 7.Bg2 a6 8.O-O Qc7
9.a4 Nc6 10.h3 O-O 11.Nde2 b6 12.b3 Bb7 13.Bb2 Rac8 14.g4 d5 15.exd5 Rfd8
16.g5 Nxd5 17.Nxd5 exd5 18.Ng3 d4 19.Ne4 Nb4 20.Qg4 Nxc2 21.Rac1 Qd7 22.Qh4
Bd5 23.Rxc2 Rxc2 24.Bxd4 Qc6 25.Bf6 gxf6 26.gxf6 Bf8 27.Ng5 h6 28.Qg4 Qxf6
29.Ne4+ Qg6 30.Nf6+ Kg7 31.Nxd5 Qxg4 32.hxg4 Bc5 33.b4 Bd4 34.a5 bxa5 {#R} 0-1

[Event "It (open)"]
[Site "masterchessopen.com Cannes (France)"]
[Round "0"]
[White "Casa Alex (FRA)"]
[Black "Andruet Gilles (FRA)"]
[Result "0-1"]
[WhiteElo "2193"]
[BlackElo "2360"]

1.e4 c5 2.Nf3 e6 3.d4 cxd4 4.Nxd4 Nf6 5.Nc3 d6 6.g3 Be7 7.Bg2 a6 8.O-O Qc7
9.a4 Nc6 10.Nb3 b6 11.f4 O-O 12.g4 Re8 13.g5 Nd7 14.Be3 Bb7 15.Qh5 g6 16.Qe2
Bf8 17.h4 Bg7 18.Rfd1 Nc5 19.Nd4 Nxd4 20.Bxd4 e5 21.Be3 exf4 22.Bxf4 Rad8
23.Qc4 Qe7 24.Nd5 Bxd5 25.Qxd5 Bxb2 26.Rab1 Be5 27.Bxe5 dxe5 28.Qc6 Rc8 29.Qd6
Nxa4 30.Qxe7 Rxe7 31.Rb4 b5 32.Rd6 Re6 33.Rxe6 fxe6 34.c4 Rxc4 35.Rxc4 bxc4
{#R} 0-1

[Event "It (open)"]
[Site "masterchessopen.com Caorle (Italy)"]
[Round "7"]
[White "Stevanovic Goran (SRB)"]
[Black "Jovancic Miodrag (SRB)"]
[Result "1-0"]
[WhiteElo "2086"]
[BlackElo "2319"]

1.e4 c5 2.Nf3 e6 3.d4 cxd4 4.Nxd4 Nf6 5.Nc3 d6 6.g3 a6 7.Bg2 Qc7 8.O-O Nc6
9.Re1 Nxd4 10.Qxd4 Be7 11.e5 dxe5 12.Rxe5 Bd7 13.Bf4 Qc8 14.Rg5 O-O 15.Be5 Ne8
16.Rxg7+ Nxg7 17.Bxg7 Bc5 18.Qf6 Be7 19.Qxe7 Kxg7 20.Rd1 Rd8 21.Rd4 e5
22.Qxe5+ Kf8 23.Nd5 {#r} 1-0

[Event "Memorial J.Capablanca (a)"]
[Site "masterchessopen.com Cuba"]
[Round "0"]
[White "Andres Miguel (CUB)"]
[Black "Rodriguez Amador (ESP)"]
[Result "0-1"]
[WhiteElo "2380"]
[BlackElo "2505"]

1.e4 c5 2.Nf3 e6 3.d4 cxd4 4.Nxd4 Nf6 5.Nc3 d6 6.g3 a6 7.Bg2 Qc7 8.O-O Be7
9.a4 Nc6 10.Nde2 Rb8 11.b3 O-O 12.Bb2 b5 13.axb5 axb5 14.Nf4 b4 15.Nce2 Bb7
16.Re1 Rfd8 17.Nc1 Ne5 18.Ncd3 Nxd3 19.cxd3 e5 20.Ne2 Qb6 21.Nc1 Nd7 22.d4 Ba6
23.Bf1 Bxf1 24.Rxf1 Bf6 25.Nd3 d5 26.exd5 exd4 27.Ra4 Qd6 28.Nf4 Nb6 29.Ra5
Be5 30.Bxd4 Bxf4 31.gxf4 Nxd5 32.Be5 Qg6+ 33.Kh1 Ne3 34.Qe2 Qg2# 0-1

[Event "It (open)"]
[Site "masterchessopen.com Dieren (Netherlands)"]
[Round "0"]
[White "Van Riemsdijk Herman C (BRA)"]
[Black "Brenninkmeijer Joris (NED)"]
[Result "0-1"]
[WhiteElo "2404"]
[BlackElo "2445"]

1.e4 c5 2.Nf3 d6 3.d4 cxd4 4.Nxd4 Nf6 5.Nc3 e6 6.g3 Nc6 7.Bg2 Bd7 8.O-O Be7
9.Ndb5 Qb8 10.Bg5 a6 11.Bxf6 gxf6 12.Nd4 Nxd4 13.Qxd4 Qa7 14.Qd2 Qc5 15.Ne2
O-O 16.Nd4 Rac8 17.c3 Kh8 18.Kh1 b5 19.f4 a5 20.a3 Rfd8 21.f5 e5 22.Nc2 Bf8
23.g4 Bc6 24.g5 d5 25.gxf6 dxe4 26.Qg5 h6 27.Qg4 Rd2 28.Rae1 Qd6 29.Re2 Rxe2
30.Qxe2 Qxf6 31.Bxe4 Bc5 32.Rf3 Rg8 33.Rg3 Rxg3 34.hxg3 Qxf5 35.Bxc6 Qh3+ {#R}
0-1

[Event "Bundesliga 1988/89"]
[Site "masterchessopen.com Germany"]
[Round "0"]
[White "Wolf Volker (GER)"]
[Black "Nikolac Juraj (CRO)"]
[Result "0-1"]
[WhiteElo "2325"]
[BlackElo "2438"]

1.e4 c5 2.Nf3 e6 3.d4 cxd4 4.Nxd4 Nf6 5.Nc3 d6 6.g3 Be7 7.Bg2 a6 8.O-O Bd7
9.a4 Nc6 10.Nxc6 Bxc6 11.Be3 O-O 12.g4 Nd7 13.Nd5 Nc5 14.Nc3 Bf6 15.Bd4 Bxd4
16.Qxd4 e5 17.Qe3 Qd7 18.g5 f6 19.Bh3 Qe8 20.b4 Nxa4 21.Ne2 fxg5 22.f3 Kh8
23.c4 b5 24.c5 dxc5 25.bxc5 Rd8 26.Ng3 g6 27.Qxg5 Nxc5 28.Rac1 Nd3 29.Ra1 Bb7
30.Rfd1 Rd4 31.Ne2 Rd6 32.Qe3 Qd8 33.Bg4 Nf4 34.Nc3 Rd4 35.Ne2 Rxd1+ {#R} 0-1

[Event "Bundesliga 1989/90"]
[Site "masterchessopen.com Germany"]
[Round "0"]
[White "Meier Volker (GER)"]
[Black "Jell Klaus (GER)"]
[Result "1-0"]
[WhiteElo "2292"]
[BlackElo "2234"]

1.e4 c5 2.Nf3 e6 3.d4 cxd4 4.Nxd4 Nf6 5.Nc3 d6 6.g3 Be7 7.Bg2 a6 8.a4 Qc7
9.O-O O-O 10.h3 Nc6 11.g4 Nxd4 12.Qxd4 e5 13.Qd1 Be6 14.g5 Nd7 15.h4 b6 16.Be3
Rab8 17.Qd2 Rfc8 18.Rfc1 Nc5 19.h5 Bf8 20.Nd5 Bxd5 21.exd5 Qe7 22.b4 Nd7 23.c4
f5 24.gxf6 Nxf6 25.a5 bxa5 26.Rxa5 Qb7 27.c5 Qxb4 28.Qxb4 Rxb4 29.c6 e4 30.Bh3
Rc7 31.Be6+ Kh8 32.Rxa6 {#r} 1-0

[Event "Ch Europe (team)"]
[Site "masterchessopen.com Haifa (Israel)"]
[Round "0"]
[White "Kindermann Stefan (AUT)"]
[Black "Summermatter Daniel (SUI)"]
[Result "1-0"]
[WhiteElo "2519"]
[BlackElo "2341"]

1.e4 c5 2.Nf3 e6 3.d4 cxd4 4.Nxd4 Nf6 5.Nc3 d6 6.g3 Be7 7.Bg2 O-O 8.O-O a6
9.a4 Qc7 10.g4 Nc6 11.g5 Nd7 12.Be3 Re8 13.f4 Bf8 14.Kh1 Rb8 15.Qd2 b6 16.Rf3
Bb7 17.Raf1 Rbc8 18.Qf2 Nxd4 19.Bxd4 b5 20.axb5 axb5 21.Rh3 Be7 22.f5 Bxg5
23.fxe6 Nf6 24.Nxb5 Qe7 25.exf7+ Kxf7 26.Qg3 Rxc2 27.Nxd6+ Kg8 28.Qb3+ {#r}
1-0

[Event "It \"]
[Site "masterchessopen.com Hania (Greece)"]
[Round "0"]
[White "Koen Maja (BUL)"]
[Black "Marin Irina Luiza (ROM)"]
[Result "1-0"]
[WhiteElo "2105"]
[BlackElo "2178"]

1.e4 c5 2.Nf3 e6 3.d4 cxd4 4.Nxd4 Nf6 5.Nc3 d6 6.g3 a6 7.Bg2 Qc7 8.O-O Be7
9.a4 Nc6 10.Nb3 O-O 11.a5 Ne5 12.f4 Nc4 13.g4 Bd7 14.g5 Ne8 15.Qh5 b5 16.f5
Rc8 17.Rf3 exf5 18.Nd5 Qd8 19.exf5 Ne5 20.f6 Nxf3+ 21.Bxf3 gxf6 22.gxf6 Kh8
23.fxe7 Rg8+ 24.Kf1 {#r} 1-0

[Event "Ch Ukraine"]
[Site "masterchessopen.com Kherson (Ukraine)"]
[Round "0"]
[White "Kuzmin Gennadi P (UKR)"]
[Black "Maksimenko Andrei (UKR)"]
[Result "1-0"]
[WhiteElo "2495"]
[BlackElo "2553"]

1.e4 c5 2.Nf3 e6 3.d4 cxd4 4.Nxd4 Nf6 5.Nc3 d6 6.g3 a6 7.Bg2 Qc7 8.O-O Nc6
9.Nxc6 bxc6 10.Na4 Bb7 11.c4 c5 12.Nc3 Be7 13.f4 Nd7 14.Be3 O-O 15.g4 Bf6
16.Qd3 Rad8 17.Bd2 g6 18.Rae1 Rfe8 19.b3 Nb8 20.Qh3 Nc6 21.Kh1 Nb4 22.f5 Qe7
23.g5 Bxg5 24.fxg6 fxg6 25.Bxg5 Qxg5 26.Rf7 Kxf7 27.Qxh7+ Kf6 28.Rf1+ {#r} 1-0

[Event "It"]
[Site "masterchessopen.com Lucerne (Switzerland)"]
[Round "29"]
[White "Ambroz Jan (CZE)"]
[Black "Summermatter Daniel (SUI)"]
[Result "1-0"]
[WhiteElo "2425"]
[BlackElo "2341"]

1.e4 c5 2.Nf3 e6 3.Nc3 d6 4.d4 cxd4 5.Nxd4 Nf6 6.g3 Be7 7.Bg2 O-O 8.O-O a6
9.a4 Qc7 10.Nb3 Nc6 11.f4 Rb8 12.Be3 b6 13.Qe2 Na5 14.Nd2 Bb7 15.g4 Rfe8 16.g5
Nd7 17.Rae1 Rbc8 18.f5 Ne5 19.f6 Bf8 20.fxg7 Bxg7 21.Qh5 Nac4 22.Nxc4 Nxc4
23.Bc1 Qc5+ 24.Kh1 Ne5 25.Re3 Kf8 26.Qxh7 Qc4 27.g6 Rc7 28.Rg3 f5 29.Bh6 Bxh6
30.Qxh6+ Ke7 31.Qh7+ Kd8 32.g7 Ng4 33.Rxg4 fxg4 34.g8=Q {#r} 1-0

[Event "It (open)"]
[Site "masterchessopen.com Lugano (Switzerland)"]
[Round "2"]
[White "Wedberg Tom (SWE)"]
[Black "Sibarevic Milenko (BIH)"]
[Result "1-0"]
[WhiteElo "2515"]
[BlackElo "2312"]

1.e4 c5 2.Nf3 e6 3.d4 cxd4 4.Nxd4 Nf6 5.Nc3 d6 6.g3 a6 7.Bg2 Qc7 8.O-O Bd7
9.a4 Nc6 10.Nb3 b6 11.f4 Rb8 12.Qe2 Bc8 13.Be3 Be7 14.Rad1 O-O 15.g4 Nd7 16.g5
Re8 17.Kh1 Bf8 18.Bc1 Bb7 19.Rd3 Nb4 20.Rh3 g6 21.Qf2 Bg7 22.f5 exf5 23.exf5
Bxg2+ 24.Kxg2 gxf5 25.Qh4 Qc6+ 26.Kg1 Nxc2 27.Qxh7+ Kf8 28.Qxf5 Qc4 29.Qxc2
Nc5 30.Nxc5 Bd4+ 31.Kg2 Qxc5 32.Rxf7+ Kxf7 33.Qh7+ {#r} 1-0

[Event "It (open)"]
[Site "masterchessopen.com Zurich (Switzerland)"]
[Round "0"]
[White "Schmid Wolfgang (GER)"]
[Black "Hess Ralf (GER)"]
[Result "0-1"]
[WhiteElo "2229"]
[BlackElo "2319"]

1.e4 c5 2.Nf3 d6 3.d4 cxd4 4.Nxd4 Nf6 5.Nc3 e6 6.g3 a6 7.Bg2 Qc7 8.O-O Be7
9.Be3 Nbd7 10.f4 g6 11.Kh1 Nb6 12.Rb1 Bd7 13.Qf3 O-O 14.h3 Nc4 15.Bc1 b5 16.g4
b4 17.Nd1 d5 18.exd5 Nxd5 19.b3 Ncb6 20.Bb2 Bd6 21.Bc1 Rae8 22.Qf2 f5 23.gxf5
exf5 24.Nb2 Nc3 25.Ra1 Ne4 26.Bxe4 fxe4 27.Nc4 Nxc4 28.bxc4 Bxh3 29.Rg1 Qxc4
30.Be3 Qd5 31.Rad1 Bxf4 32.Ne2 Bxe3 33.Qxe3 Qh5 34.Rg3 Bg4+ 35.Kg1 Bxe2 {#R}
0-1

[Event "It \"]
[Site "masterchessopen.com Argentina"]
[Round "6"]
[White "Bronstein Luis (ARG)"]
[Black "Del Castillo Gustavo (ARG)"]
[Result "1-0"]
[WhiteElo "2349"]
[BlackElo "2211"]

1.e4 c5 2.Nf3 e6 3.d4 cxd4 4.Nxd4 Nf6 5.Nc3 d6 6.g3 a6 7.Bg2 Qc7 8.O-O Nc6
9.Re1 Be7 10.Nxc6 bxc6 11.e5 dxe5 12.Rxe5 O-O 13.Bf4 Bd6 14.Rxe6 Bxf4 15.Rxc6
Bg4 16.Rxc7 Bxd1 17.gxf4 {#r} 1-0

[Event "It"]
[Site "masterchessopen.com Belgorod (Russia)"]
[Round "0"]
[White "Laketic Gojko (SRB)"]
[Black "Howell James C (ENG)"]
[Result "0-1"]
[WhiteElo "2443"]
[BlackElo "2415"]

1.e4 c5 2.Nf3 e6 3.d4 cxd4 4.Nxd4 Nf6 5.Nc3 d6 6.g3 Be7 7.Bg2 a6 8.O-O Qc7
9.g4 Nc6 10.g5 Nd7 11.Nf5 exf5 12.Nd5 Qd8 13.exf5 O-O 14.Qh5 g6 15.Qh4 Re8
16.Re1 Rb8 17.Bd2 Nce5 18.f6 Bf8 19.f4 Nc6 20.Rxe8 Qxe8 21.Re1 Qd8 22.Bc3 Nc5
23.Ne7+ Nxe7 24.fxe7 Bxe7 25.Bd5 {#R} 0-1

[Event "It (open) \"]
[Site "masterchessopen.com Berlin (Germany)"]
[Round "0"]
[White "Schoeneberg Manfred (GER)"]
[Black "Sanchez Almeyra Jorge (ARG)"]
[Result "1-0"]
[WhiteElo "2279"]
[BlackElo "2380"]

1.e4 c5 2.Nf3 e6 3.d4 cxd4 4.Nxd4 Nf6 5.Nc3 d6 6.g3 Nc6 7.Bg2 Bd7 8.O-O Be7
9.Ndb5 Qb8 10.Bg5 a6 11.Bxf6 gxf6 12.Nd4 Qa7 13.Nxc6 bxc6 14.b3 O-O 15.Na4 d5
16.exd5 cxd5 17.c4 d4 18.Bxa8 Rxa8 19.c5 e5 20.Qf3 f5 21.Qd5 Bf6 22.Nb6 Rd8
23.Nxd7 Rxd7 24.Qf3 Qxc5 25.Rac1 Qd5 26.Qxf5 Kg7 27.Rc8 {#r} 1-0